000 02567cam a22001934a 4500
005 20250605164109.0
008 250528s ||||||||||||||||||||||||d
035 _a17846
020 _a9789605850227
040 _aGR-AtMCL
_bgre
_dGR-AtMCL
_eAACR2
245 1 _aΗ Συναισθηματική Νοημοσύνη των Παιδιών / Πώς να μεγαλώσουμε Παιδιά με Συναισθηματική Νοημοσύνη: Ένας Πρακτικός Οδηγός για Γονείς
260 _bΠεδίο,
_c2015
300 _a272
520 _aΣτο παρόν βιβλίο ο συγγραφέας μιλά στους γονείς για τη συναισθηματική νοημοσύνη των παιδιών και την ανάπτυξη τους. Πρόλογος, Εισαγωγή, Συναισθηματική Αγωγή: Το Μυστικό της Ανατροφής Συναισθηματικά Ευφυών Παιδιών, Τα Αποτελέσματα της Συναισθηματικής Αγωγής, Η Συναισθηματική Αγωγή ως Εξελικτικό Στάδιο, Πώς Ανακαλύψαμε τη Συναισθηματική Αγωγή, Συναισθηματική Αγωγή και Αυτοέλεγχος, Τα Είδη της Διαπαιδαγώγησης: Μια Πρώτη Αξιολόγηση, Οι Αποστασιοποιημένοι Γονείς, Οι Επικριτικοί - Αποδοκιμαστικοί Γονείς, Οι Επιτρεπτικοί - Παραχωρητικοί Γονείς, Οι Συναισθηματικοί Μέντορες, Τα Πέντε Βασικά Στάδια της Συναισθηματικής Αγωγής, Ενσυναίσθηση: Το Θεμέλιο της Συναισθηματικής Αγωγής, Η Επίγνωση των Συναισθηματων του Παιδιού, Βοήθεια στο Παιδί Προκειμένου να Εκφράσει Λεκτικά τα Συναισθήματα του, Στρατηγική Συναισθηματικής Αγωγής, Ελέγξτε τις Δεξιότητες σας στη Συναισθηματική Αγωγή, Ο Γάμος και το Διαζύγιο και η Συναισθηματική Υγεία του Παιδιού σας, Ο Κρίσιμος Ρόλος του Πατέρα, Η Συναισθηματική Αγωγή καθώς το Παιδί Μεγαλώνει, Σημειώσεις.
700 1 _aGottman John
_94127
942 _cBK
999 _c3246
_d3246